International Regulatory Co-operation and Trade Understanding the Trade Costs of Regulatory Divergence and the Remedies

Na minha lista:
Detalhes bibliográficos
Formato: Livro
Idioma:inglês
Publicado em: Paris OECD 2017
Assuntos:
Tags: Adicionar Tag
Sem tags, seja o primeiro a adicionar uma tag!

MARC

LEADER 00000nam a2200000 4500
001 0240810
005 20240314123048.7
020 |a 978-92-64-27593-5 
041 0 |a eng 
044 |a FR 
245 1 0 |a International Regulatory Co-operation and Trade  |b Understanding the Trade Costs of Regulatory Divergence and the Remedies 
264 1 |a Paris  |b OECD  |c 2017 
300 |a 65 s. 
610 2 0 |a regulácia 
610 2 0 |a spolupráca medzinárodná 
610 2 0 |a obchod 
610 2 0 |a náklady 
610 2 0 |a dohody medzinárodné